00658nam a2200205Ia 450000500170000000800410001704000190005804100120007708200240008910000180011324500460013126000300017730000100020765000670021765100230028485000100030794200070031799900170032495201110034120230522135126.0131103s9999 xx 000 0 und d aLoreto College aEnglish aTAG 891.44bTAG-DAS aDas, Khudiram aRabindra pratibhar parichaycKhudiram Das aCalcuttabPuthigharc1953 a495p  aTagore, Rabindranath, 1861-1941 - Criticism and Interpretation aBengali Literature aLCLIB cBK c16960d67439 00102ddc4070aMAINbMAINd2013-11-04l0oTAG 891.44 TAG-DAS 19811pB17137r2013-11-04w2013-11-04yBKf